Metódy výberu investičného projektu bakalárska práca

Na minha lista:
Detalhes bibliográficos
Autor principal: Méhes, Peter
Autor Corporativo: Fakulta podnikového manažmentu EU. Katedra podnikových financií
Outros Autores: Harajdič, Ján
Formato: Livro
Idioma:eslovaco
Publicado em: Bratislava 2012
Tags: Adicionar Tag
Sem tags, seja o primeiro a adicionar uma tag!

MARC

LEADER 00000nbm a2200000 4500
001 0154208
005 20161109111827.1
041 0 |a slo 
044 |a SK 
245 1 0 |a Metódy výberu investičného projektu  |b bakalárska práca  |c Peter Méhes ; školiteľ: Ján Harajdič 
264 1 |a Bratislava  |c 2012 
300 |a 48 s. 
100 1 |a Méhes, Peter 
700 1 |a Harajdič, Ján 
710 2 |a Fakulta podnikového manažmentu EU. Katedra podnikových financií